LEADER 01156nam a2200265 i 4500 001 991002928929707536 005 20021022144110.0 008 960610s1971 fr ||| | fre 035 $ab11729831-39ule_inst 035 $aLE021FD223056$9ExL 040 $aDip. SSSC$bita 100 1 $aJacquot, Jean$0189015 245 12$aL'expressionnisme dans le theatre européen :$bcolloque organisè par le centre d'etudes Germaniques de l'Universitè de Strasboerg et L'Equipe de recherches theatrales et musicologiques du C.N.R.S. /$cEtudes de L. Grodecki...[et al.] ; reunies et presentèes 260 $aParis :$bEditions du centre national de la recher,$c1971 440 3$aLe choeur des muses 650 4$aEspressionismo 650 4$aTeatro espressionista 700 1 $aBablet, Denis 700 1 $aGrodecki, L. 907 $a.b11729831$b02-04-14$c24-10-02 912 $a991002928929707536 945 $aLE021FD TG20A15$g1$iLE021FD-5501$lle023$nFondo D'Amico$o-$pE0.00$q-$rn$so $t0$u0$v0$w0$x0$y.i11969775$z24-10-02 996 $aExpressionnisme dans le theatre européen$9904088 997 $aUNISALENTO 998 $ale021$b10-06-96$cm$da $e-$ffre$gfr $h2$i1 LEADER 01961nam 2200625 a 450 001 9910785608103321 005 20230328151745.0 010 $a3-11-080999-0 024 7 $a10.1515/9783110809992 035 $a(CKB)2670000000236060 035 $a(EBL)3040503 035 $a(SSID)ssj0000560181 035 $a(PQKBManifestationID)12230046 035 $a(PQKBTitleCode)TC0000560181 035 $a(PQKBWorkID)10568731 035 $a(PQKB)10339501 035 $a(MiAaPQ)EBC3040503 035 $a(DE-B1597)42702 035 $a(OCoLC)979638472 035 $a(DE-B1597)9783110809992 035 $a(Au-PeEL)EBL3040503 035 $a(CaPaEBR)ebr10588269 035 $a(CaONFJC)MIL558704 035 $a(OCoLC)922943314 035 $a(EXLCZ)992670000000236060 100 $a20771205d1977 uy 0 101 0 $aeng 135 $aur|n|---||||| 181 $ctxt$2rdacontent 182 $cc$2rdamedia 183 $acr$2rdacarrier 200 14$aThe Russian folk theatre /$fElizabeth A. Warner 205 $aReprint 2011 210 1$aThe Hague :$cMouton,$d1977. 215 $a1 online resource (275 p.) 225 0 $aSlavistic Printings and Reprintings ;$v104 300 $aEnglish or Russian. 311 0 $a90-279-3325-1 320 $aIncludes bibliographical references and index. 327 $apt. 1. Ritual drama -- pt. 2. The puppet theatre -- pt. 3. Nonritual drama -- pt. 4. The folk actor and his art. 410 0$aSlavistic Printings and Reprintings 606 $aFolk drama, Russian$xHistory and criticism 606 $aTheater$zSoviet Union 615 0$aFolk drama, Russian$xHistory and criticism. 615 0$aTheater 676 $a792/.0947 686 $aKF 2125$2rvk 700 $aWarner$b Elizabeth$f1940-$01386588 801 0$bMiAaPQ 801 1$bMiAaPQ 801 2$bMiAaPQ 906 $aBOOK 912 $a9910785608103321 996 $aThe Russian folk theatre$93785029 997 $aUNINA